Código penal de la República Argentina /
Guardado en:
| Formato: | Libro |
|---|---|
| Idioma: | Spanish |
| Publicado: |
Ciudad Autónoma de Buenos Aires :
Erreius,
2014.
|
| Edición: | 13a. ed. |
| Materias: | |
| Etiquetas: |
Agregar Etiqueta
Sin Etiquetas, Sea el primero en etiquetar este registro!
|
| LEADER | 00478nam a22001575a 4500 | ||
|---|---|---|---|
| 001 | DER.der012743 | ||
| 008 | 180615s2014####|||||||||||||||||#||spa|| | ||
| 005 | 20240902103617.0 | ||
| 245 | 1 | 0 | |a Código penal de la República Argentina / |c Argentina. |
| 250 | |a 13a. ed. | ||
| 260 | |a Ciudad Autónoma de Buenos Aires : |b Erreius, |c 2014. | ||
| 300 | |a 586 p. | ||
| 020 | |a 9789870116134 | ||
| 240 | 1 | 0 | |a Argentina - Códigos |
| 650 | 7 | |a DERECHO PENAL | |
| 859 | |a DERECHO |b BIB. DERECHO |h 348.023 |i COD |p 005184 | ||
